PRIMARY EDUCATION (Record no. 5448)
[ view plain ]
| 000 -LEADER | |
|---|---|
| fixed length control field | 00602nam a22001577a 4500 |
| 020 ## - INTERNATIONAL STANDARD BOOK NUMBER | |
| ISBN | 978-81-314-1921-2 |
| 082 ## - DEWEY DECIMAL CLASSIFICATION NUMBER | |
| Classification number | 370.15 |
| Item number | MUK/P |
| 100 ## - MAIN ENTRY--AUTHOR NAME | |
| Personal name | MUKHERJEE, DEBASHREE |
| 100 ## - MAIN ENTRY--AUTHOR NAME | |
| Personal name | MUKHERJEE, ISHITA |
| 245 ## - TITLE STATEMENT | |
| Title | PRIMARY EDUCATION |
| Remainder of title | CONTEMPORARY ISSUES AND EXPERIENCES |
| 260 ## - PUBLICATION, DISTRIBUTION, ETC. (IMPRINT) | |
| Place of publication | HYDERABAD |
| Name of publisher | THE ICFAI UNIVERSITY PRESS |
| Year of publication | 2008 |
| 300 ## - PHYSICAL DESCRIPTION | |
| Number of Pages | 250 |
| 520 ## - SUMMARY, ETC. | |
| Summary, etc | THE BOOK ENDEAVOURS TO GENERATE AWARENESS OF THE NECESSITY OF BASIC EDUCATION, NOT ONLY TO SUPPORT LITERACY AND ECONOMIC DEVELOPMENT BUT ALSO TO ENCOURAGE VALUE-BASED EDUCATION FROM CHILDHOOD |
| 650 ## - SUBJECT ADDED ENTRY--TOPICAL TERM | |
| Topical Term | EDUCATIONAL |
| Geographic subdivision | INDIA |
| 942 ## - ADDED ENTRY ELEMENTS (KOHA) | |
| Koha item type | Books |
| Withdrawn status | Lost status | Collection code | Home library | Current library | Shelving location | Date acquired | Source of acquisition | Full call number | Accession Number | Koha item type |
|---|---|---|---|---|---|---|---|---|---|---|
| Reference | Main Library | Main Library | 23/11/2012 | purchase | 370.15 MUK/P | 07042 | Books |